000 00296nam a22001337a 4500
008 170713b xxu||||| |||| 00| 0 eng d
020 _a9780029170717
041 _aeng
080 _a32
100 _a20
101 _aSHP
245 _aTOWARD A MORE NATURAL SCIENCE
_cKASS,L.R
942 _2udc
_cBK
999 _c20651
_d20651